De la reinserción a los acuerdos: la política exterior chilena en 1991

Сохранить в:
Библиографические подробности
Формат:
Язык:испанский
Опубликовано: Santiago FLACSO 1992
Серии:Serie Política Exterior y Relaciones Internacionales
Предметы:
Метки: Добавить метку
Нет меток, Требуется 1-ая метка записи!

MARC

LEADER 00000nam a2200000 a 4500
001 UCX9281
003 CL-VaPUC
008 940530e19920000CL |||||||||||||||||spa|d
082 0 4 |a 327.83  |b DEL  |2 21 
245 1 0 |a De la reinserción a los acuerdos: la política exterior chilena en 1991 
300 |a 413 p 
942 |c BK 
945 |d 19940530 00:00:00  |a oaravena 
260 |a Santiago  |b FLACSO  |c 1992 
500 |a Dinámica de las acciones diplomaticas, cifras, comunicados, convenios, etc 
650 0 |a Relaciones Internacionales  |9 255740 
650 7 |a RELACIONES EXTERIORES 1990  |2 CL-VaPUC  |9 326652 
651 7 |a CHILE  |2 CL-VaPUC  |9 326653 
583 |a last modification  |c 19940530 00:00:00  |k Rodrigo Vera 
490 0 |a Serie Política Exterior y Relaciones Internacionales 
999 |c 228567  |d 228565 
952 |0 0  |1 0  |4 0  |6 327_830000000000000_DEL_1992  |7 0  |8 A  |9 228810  |a BIBHIS  |b BIBHIS  |d 2019-11-15  |i 2981947  |o 327.83 DEL 1992  |p 2981947  |r 2025-01-20  |w 2019-11-15  |y BK  |k HIS